000 00637nam a2200241Ia 4500
003 OSt
005 20220918182335.0
006 a|||||r|||| 00| 0
007 ta
008 220917b |||||||| |||| 00| 0 eng d
024 _a32,047
037 _cTextual
040 _aARTS
_cARTS
_beng
041 _2eng
_aeng
082 _aO-,3M85a, K3;M2 (BB)
100 _aRoberts Warren
_915775
245 0 _aBibliography of D H Lawrence
250 _a2nd
260 _aCambridge
_bCUP
_c1982
650 _aENGLISH LITERATURE
942 _hO-,3M85a, K3;M2 (BB)
_cTEXL
_2CC
999 _c168646
_d168646